000 00460nam a2200181Ia 4500
001 4530
005 20260306145802.0
008 260306t1976||||xx |||||||||||||| ||spa||
041 _aESP
082 _a324.204
_bC17
100 _aCalvo Hernando, Pedro
_eAUT
245 0 _aJuan Carlos, escucha:
_bPrimer balance de la España sin Franco
260 _c1976
300 _a338 páginas :
_c19 cm.
650 _aGEN
654 _aCHU
942 _cLIB
_dJUS
_fJUS
_2ddc
_n
999 _c4530
_d4530